[Event "Khanty-Mansiysk Governor Cup Rapid"]
[Site "Khanty-Mansiysk"]
[Date "2023.11.27"]
[Round "6"]
[White "Volchkova, Alena"]
[Black "Goltseva, Ekaterina"]
[Result "1-0"]
[WhiteElo "1942"]
[BlackElo "2331"]
[PlyCount "99"]
[EventDate "2023.11.26"]
[EventType "swiss (rapid)"]
[EventRounds "11"]
[EventCountry "RUS"]
[SourceTitle "CB49_2023"]
[SourceDate "2023.12.06"]
[SourceVersion "1"]
[SourceVersionDate "2023.12.06"]
[SourceQuality "1"]

1. e4 c5 2. Nf3 Nf6 3. e5 Nd5 4. Nc3 e6 5. Bc4 Nb6 6. Be2 Nc6 7. d3 d5 8. exd6 Bxd6 9. Ne4 Be7 10. Be3 Nd5 11. Bd2 0-0 12. 0-0 e5 13. Nc3 Nc7 14. Re1 f5 15. Bf1 Bf6 16. a4 b6 17. Nb5 Nd5 18. Nc3 Bb7 19. Nxd5 Qxd5 20. Bg5 Rae8 21. Bxf6 Rxf6 22. b3 Kh8 23. c3 Na5 24. d4 cxd4 25. cxd4 e4 26. b4 Nc6 27. b5 Na5 28. Ne5 Rd8 29. Qh5 h6 30. Rac1 Kh7 31. Red1 Rc8 32. Rxc8 Bxc8 33. Qe8 Bb7 34. Nd7 Rf7 35. Nf8+ Rxf8 36. Qxf8 Nb3 37. Qb4 Nc5 38. Qc4 Qd6 39. Qf7 Bc8 40. Bc4 Bd7 41. Bb3 Nd3 42. Qg8+ Kg6 43. Bf7+ Kf6 44. Bd5 Kg6 45. g3 Qf6 46. Qb8 Qxd4 47. Qd6+ Qf6 48. Qxd7 Kh7 49. Qe8 Ne5 50. Bg8+ 1-0

[Event "RUS-ch Blitz (Women)"]
[Site "Sochi"]
[Date "2023.10.14"]
[Round "6"]
[White "Khuzina, Zuleikha"]
[Black "Volchkova, Alena"]
[Result "0-1"]
[WhiteElo "1693"]
[BlackElo "1942"]
[PlyCount "136"]
[EventDate "2023.10.14"]
[EventType "swiss (blitz)"]
[EventRounds "13"]
[EventCountry "RUS"]
[SourceTitle "Mega2024 Update 01"]
[Source "Chessbase"]
[SourceDate "2023.11.12"]
[SourceVersion "1"]
[SourceVersionDate "2023.11.12"]
[SourceQuality "1"]

1. e4 c5 2. Nf3 d6 3. d4 cxd4 4. Nxd4 Nf6 5. Nc3 g6 6. Be3 Bg7 7. f3 0-0 8. Be2 Nc6 9. Qd2 d5 10. exd5 Nxd5 11. Nxd5 Qxd5 12. Nxc6 Qxc6 13. c3 Bf5 14. 0-0 Rfd8 15. Qe1 Qe6 16. Qf2 b6 17. a3 Qb3 18. Bd1 Qb5 19. a4 Qc6 20. Be2 Be6 21. a5 Rab8 22. axb6 axb6 23. Ra6 Bc4 24. Bxc4 Qxc4 25. Rxb6 Rxb6 26. Bxb6 Rb8 27. Rd1 Qb3 28. Rd8+ Rxd8 29. Bxd8 Qd1+ 30. Qf1 Qxd8 31. Qb5 Bh6 32. Kf1 Qd1+ 33. Kf2 Qd2+ 34. Kf1 Be3 35. Qe2 Qc1+ 36. Qe1 Qxe1+ 37. Kxe1 Kf8 38. Ke2 Bb6 39. Kd3 Ke8 40. Kc4 Kd7 41. Kb5 Bg1 42. h3 e5 43. b4 f5 44. Kc4 Kc6 45. g4 Bf2 46. Kd3 Be1 47. Kc4 e4 48. fxe4 fxe4 49. b5+ Kb6 50. Kd4 Kxb5 51. Kxe4 Bxc3 52. Kf4 Bf6 53. g5 Bc3 54. h4 Kc5 55. Kg4 Kd5 56. h5 Ke5 57. hxg6 hxg6 58. Kh4 Kf5 59. Kg3 Kxg5 60. Kf3 Kh4 61. Kg2 Kg4 62. Kh2 Kf3 63. Kg1 Kg3 64. Kf1 g5 65. Kg1 g4 66. Kh1 Kf2 67. Kh2 g3+ 68. Kh3 g2 0-1

[Event "RUS-ch Blitz (Women)"]
[Site "Sochi"]
[Date "2023.10.14"]
[Round "8"]
[White "Porozhniak, Maya"]
[Black "Volchkova, Alena"]
[Result "0-1"]
[WhiteElo "1856"]
[BlackElo "1942"]
[PlyCount "118"]
[EventDate "2023.10.14"]
[EventType "swiss (blitz)"]
[EventRounds "13"]
[EventCountry "RUS"]
[SourceTitle "Mega2024 Update 01"]
[Source "Chessbase"]
[SourceDate "2023.11.12"]
[SourceVersion "1"]
[SourceVersionDate "2023.11.12"]
[SourceQuality "1"]

1. e4 c5 2. Nf3 d6 3. d4 cxd4 4. c3 Nf6 5. Bd3 dxc3 6. Nxc3 g6 7. 0-0 Bg7 8. Re1 0-0 9. h3 Nc6 10. Bf4 Bd7 11. Qd2 Rc8 12. Rad1 a6 13. Bh6 b5 14. Bxg7 Kxg7 15. Bb1 Qb6 16. Nd5 Nxd5 17. exd5 Na5 18. Rxe7 Nc4 19. Qc3+ Ne5 20. Qd2 Nxf3+ 21. gxf3 Bxh3 22. Qg5 Rce8 23. Rde1 Rxe7 24. Qxe7 Qc5 25. Be4 Qb4 26. Re2 Qc4 27. Bc2 Qxd5 28. Kh2 Qxf3 29. Qe4 Qxe4 30. Bxe4 Be6 31. b3 Rd8 32. Bb7 a5 33. Rd2 Rb8 34. Bc6 Kf6 35. Rxd6 Ke5 36. Rd2 Rb6 37. Be8 f5 38. Re2+ Kf6 39. Rc2 b4 40. Bc6 Rb8 41. Bf3 Rd8 42. Kg3 h6 43. Rc5 g5 44. Rxa5 f4+ 45. Kg2 g4 46. Be4 Rd4 47. Bh7 Rd5 48. Ra6 Ke5 49. Rb6 Rd4 50. Rb5+ Bd5+ 51. Be4 Rxe4 52. Kf1 f3 53. a4 bxa3 54. Ra5 Rd4 55. Ke1 h5 56. Rxa3 h4 57. Ra7 Bxb3 58. Ra5+ Kf4 59. Ra1 Rd1+ 0-1

[Event "RUS-ch Blitz (Women)"]
[Site "Sochi"]
[Date "2023.10.14"]
[Round "11"]
[White "Volchkova, Alena"]
[Black "Zhurova, Anna"]
[Result "1-0"]
[WhiteElo "1942"]
[BlackElo "2288"]
[PlyCount "87"]
[EventDate "2023.10.14"]
[EventType "swiss (blitz)"]
[EventRounds "13"]
[EventCountry "RUS"]
[SourceTitle "Mega2024 Update 01"]
[Source "Chessbase"]
[SourceDate "2023.11.12"]
[SourceVersion "1"]
[SourceVersionDate "2023.11.12"]
[SourceQuality "1"]

1. e4 e6 2. d4 d5 3. Nc3 Bb4 4. e5 Ne7 5. a3 Bxc3+ 6. bxc3 c5 7. h4 Qc7 8. h5 h6 9. Nf3 Nbc6 10. Rh4 Bd7 11. Rg4 Rg8 12. Bd3 Nf5 13. Bf4 Qa5 14. Bd2 c4 15. Bxf5 exf5 16. Rg3 0-0-0 17. Kf1 g5 18. hxg6 fxg6 19. Bxh6 Rh8 20. Bd2 Rh1+ 21. Ng1 Be8 22. Rh3 Rxh3 23. Nxh3 Rd7 24. Ng5 Qa4 25. Ne6 Rh7 26. Kg1 Ne7 27. Bg5 Ng8 28. Qf3 Bc6 29. Nf8 Rg7 30. Ne6 Rf7 31. Nc5 Qxc2 32. e6 Rh7 33. Re1 Ne7 34. Qg3 b6 35. Na6 Kb7 36. Nb4 Qb3 37. Bxe7 Rxe7 38. Qd6 Rc7 39. Nxc6 Rxc6 40. Qd7+ Rc7 41. Qxd5+ Ka6 42. e7 Qxc3 43. e8Q Rh7 44. Qeb5# 1-0

[Event "Sochi Pearl Rapid op"]
[Site "Sochi"]
[Date "2023.10.09"]
[Round "1"]
[White "Obgolts, Erik"]
[Black "Volchkova, Alena"]
[Result "1/2-1/2"]
[WhiteElo "2448"]
[BlackElo "1942"]
[PlyCount "125"]
[EventDate "2023.10.09"]
[EventType "swiss (rapid)"]
[EventRounds "11"]
[EventCountry "RUS"]
[SourceTitle "Mega2024 Update 01"]
[Source "Chessbase"]
[SourceDate "2023.11.12"]
[SourceVersion "1"]
[SourceVersionDate "2023.11.12"]
[SourceQuality "1"]

1. e4 c5 2. Nf3 d6 3. d4 cxd4 4. Nxd4 Nf6 5. Nc3 a6 6. Be3 e5 7. Nf3 Be7 8. Bc4 0-0 9. 0-0 Nc6 10. Qe2 Na5 11. Bb3 Nxb3 12. cxb3 Bg4 13. h3 Bh5 14. Rfd1 b5 15. b4 Qc8 16. Bg5 Rd8 17. Bxf6 Bxf6 18. Nd5 Qe6 19. Nc7 Qc8 20. Nxa8 Qxa8 21. Rd5 Be7 22. Rad1 f6 23. b3 Qc6 24. Qe3 Rc8 25. Re1 Bf7 26. Rdd1 Rd8 27. Rc1 Qb7 28. Qc3 d5 29. exd5 Bxd5 30. a3 Bd6 31. Red1 Qf7 32. Nd2 e4 33. Nf1 f5 34. Rd2 Bb7 35. Rcd1 Rc8 36. Qe3 f4 37. Rxd6 fxe3 38. Rd8+ Rxd8 39. Rxd8+ Qf8 40. Rxf8+ Kxf8 41. Nxe3 Ke7 42. Kf1 Ke6 43. Ke2 Ke5 44. Kd2 Bc6 45. h4 g6 46. g3 Bb7 47. Nc2 Bd5 48. Kc3 h6 49. Ne3 Be6 50. a4 Bd7 51. a5 Be6 52. Nc2 Bc8 53. Kd2 Be6 54. Kc3 Bc8 55. Nd4 Bd7 56. Ne2 g5 57. hxg5 hxg5 58. Kd2 Be6 59. Nc1 Kd4 60. Ne2+ Ke5 61. Ke3 Bxb3 62. Nd4 Bd5 63. Ne2 1/2-1/2

[Event "St Petersburg Korchnoi Memorial op"]
[Site "St Petersburg"]
[Date "2023.08.24"]
[Round "9"]
[White "Ermakov, Maksim"]
[Black "Volchkova, Alena"]
[Result "1-0"]
[WhiteElo "2126"]
[BlackElo "1890"]
[PlyCount "59"]
[EventDate "2023.08.18"]
[EventType "swiss"]
[EventRounds "9"]
[EventCountry "RUS"]
[SourceTitle "EXT 2024"]
[Source "ChessBase"]
[SourceDate "2023.10.10"]
[SourceVersion "1"]
[SourceVersionDate "2023.10.10"]
[SourceQuality "1"]

1. c4 e5 2. e3 Nf6 3. Nc3 d6 4. Nf3 g6 5. d4 Nbd7 6. Be2 Bg7 7. b3 0-0 8. Bb2 Qe7 9. 0-0 a6 10. Qc2 b6 11. dxe5 dxe5 12. e4 c6 13. Ne1 Ne8 14. Nd3 g5 15. c5 b5 16. a4 Rb8 17. axb5 axb5 18. Ra7 Nef6 19. f3 Rb7 20. Rxb7 Bxb7 21. b4 g4 22. Nxb5 cxb5 23. c6 Ba8 24. cxd7 Nxd7 25. Qc7 Qe6 26. Ra1 Qc6 27. Rc1 Qe6 28. Qa7 Rd8 29. Rc7 Bf8 30. Rxd7 1-0

[Event "Astana Zhuldyzdary op-A"]
[Site "Astana"]
[Date "2023.07.12"]
[Round "2"]
[White "Ulkhanov, Azamat"]
[Black "Volchkova, Alena"]
[Result "1-0"]
[WhiteElo "2064"]
[BlackElo "1824"]
[PlyCount "57"]
[EventDate "2023.07.11"]
[EventType "swiss"]
[EventRounds "10"]
[EventCountry "KAZ"]
[SourceTitle "CBM 215 Extra"]
[Source "ChessBase"]
[SourceDate "2023.09.30"]
[SourceVersion "1"]
[SourceVersionDate "2023.09.30"]
[SourceQuality "1"]

1. e4 c5 2. Nc3 Nc6 3. g3 g6 4. Bg2 Bg7 5. Nge2 e6 6. d3 Nge7 7. Be3 Nd4 8. Qd2 d6 9. Nd1 Nec6 10. Nc1 e5 11. c3 Bh3 12. f4 Bxg2 13. Qxg2 exf4 14. gxf4 Qh4+ 15. Bf2 Qxf4 16. cxd4 Nxd4 17. 0-0 Nf3+ 18. Kh1 Nd2 19. Re1 Nf3 20. Re3 Ne5 21. Ne2 Qh6 22. Ndc3 0-0 23. Rd1 Bh8 24. Nd5 Rae8 25. Rh3 Qg7 26. Be3 h5 27. Rxh5 f5 28. Bh6 Qh7 29. exf5 1-0

[Event "Astana Zhuldyzdary op-A"]
[Site "Astana"]
[Date "2023.07.11"]
[Round "1"]
[White "Volchkova, Alena"]
[Black "Zverev, Lev"]
[Result "0-1"]
[WhiteElo "1824"]
[BlackElo "2319"]
[PlyCount "56"]
[EventDate "2023.07.11"]
[EventType "swiss"]
[EventRounds "10"]
[EventCountry "KAZ"]
[SourceTitle "CBM 215 Extra"]
[Source "ChessBase"]
[SourceDate "2023.09.30"]
[SourceVersion "1"]
[SourceVersionDate "2023.09.30"]
[SourceQuality "1"]

1. e4 e5 2. Nf3 Nc6 3. Bb5 a6 4. Ba4 Nf6 5. 0-0 b5 6. Bb3 Bc5 7. c3 d6 8. d4 Bb6 9. a4 Rb8 10. a5 Ba7 11. Be3 Bg4 12. dxe5 Bxf3 13. Qxf3 Nxe5 14. Qe2 Bxe3 15. Qxe3 0-0 16. Nd2 Re8 17. f4 Nc4 18. Bxc4 bxc4 19. Nxc4 Rxe4 20. Qd3 Qe7 21. b4 Re8 22. Rad1 Qe6 23. Nd2 Re2 24. f5 Qe7 25. Nf3 Ng4 26. Nd4 Re3 27. Qxa6 Qh4 28. h3 Rxh3 0-1

[Event "RUS-ch Higher League (Women) 73rd"]
[Site "Novokuznetsk"]
[Date "2023.07.03"]
[Round "7"]
[White "Volchkova, Alena"]
[Black "Trofimova, Antonina"]
[Result "1/2-1/2"]
[WhiteElo "1824"]
[BlackElo "2078"]
[PlyCount "87"]
[EventDate "2023.06.26"]
[EventType "swiss"]
[EventRounds "9"]
[EventCountry "RUS"]
[SourceTitle "EXT 2024"]
[Source "ChessBase"]
[SourceDate "2023.10.10"]
[SourceVersion "1"]
[SourceVersionDate "2023.10.10"]
[SourceQuality "1"]

1. e4 c5 2. Nf3 e6 3. d4 cxd4 4. Nxd4 a6 5. Nc3 Qc7 6. g3 Nf6 7. Bg2 Be7 8. 0-0 d6 9. Re1 0-0 10. Be3 Nc6 11. Nxc6 bxc6 12. Na4 Rb8 13. c4 c5 14. b3 Bd7 15. Nc3 Bc6 16. Qc2 Rfe8 17. Rad1 Rbd8 18. h3 h6 19. Bc1 Nd7 20. Bb2 Qb7 21. Kh2 Qc7 22. Qe2 Bf6 23. Qc2 Bd4 24. Rd2 e5 25. Nd1 Bxb2 26. Qxb2 Nf8 27. Ne3 Ne6 28. Qc2 Nd4 29. Qd1 g6 30. Qg4 h5 31. Qd1 Qe7 32. Rd3 Rb8 33. Qd2 Kg7 34. Nc2 Qd8 35. Rf1 a5 36. f4 a4 37. Qf2 axb3 38. axb3 Qd7 39. f5 Rb7 40. fxg6 fxg6 41. Qf6+ Kh7 42. Nxd4 exd4 43. g4 Qe6 44. gxh5 1/2-1/2

[Event "RUS-ch Higher League (Women) 73rd"]
[Site "Novokuznetsk"]
[Date "2023.07.02"]
[Round "6"]
[White "Ivanova, Anastasia2222"]
[Black "Volchkova, Alena"]
[Result "1-0"]
[WhiteElo "1922"]
[BlackElo "1824"]
[PlyCount "109"]
[EventDate "2023.06.26"]
[EventType "swiss"]
[EventRounds "9"]
[EventCountry "RUS"]
[SourceTitle "EXT 2024"]
[Source "ChessBase"]
[SourceDate "2023.10.10"]
[SourceVersion "1"]
[SourceVersionDate "2023.10.10"]
[SourceQuality "1"]

1. d4 Nf6 2. c4 e6 3. Nc3 Bb4 4. f3 c5 5. d5 d6 6. e4 0-0 7. Nge2 a6 8. Nf4 exd5 9. Nfxd5 Nxd5 10. Qxd5 Qh4+ 11. Kd1 Be6 12. Qg5 Qxg5 13. Bxg5 Bxc3 14. bxc3 Nc6 15. Rb1 f6 16. Bf4 Na5 17. Kc2 Rfd8 18. Rb6 Rd7 19. Rxd6 Rxd6 20. Bxd6 Rc8 21. Be2 Bxc4 22. Bxc4+ Nxc4 23. Bf4 Kf7 24. a4 b5 25. axb5 axb5 26. Ra1 g5 27. Ra7+ Ke6 28. Bc1 h5 29. f4 gxf4 30. Bxf4 Rg8 31. g3 h4 32. Rc7 hxg3 33. hxg3 f5 34. exf5+ Kxf5 35. Rxc5+ Ke4 36. Kb3 Na5+ 37. Kb4 Ra8 38. Kxb5 Nb3 39. Re5+ Kd3 40. Re3+ Kc2 41. c4 Nd4+ 42. Kc5 Nb3+ 43. Kb4 Nd4 44. c5 Rc8 45. Kc4 Nc6 46. Re2+ Kb1 47. Bd6 Rg8 48. Re4 Kc2 49. Kd5 Kd3 50. Ra4 Nd8 51. Ra3+ Ke2 52. Be7 Nf7 53. c6 Re8 54. c7 Nh6 55. Bd8 1-0

[Event "Wch U16 Girls blitz"]
[Site "Batumi"]
[Date "2023.06.11"]
[Round "9"]
[White "Volchkova, Alena"]
[Black "Gvatua, Mariam"]
[Result "1-0"]
[WhiteElo "1969"]
[BlackElo "1435"]
[PlyCount "91"]
[EventDate "2023.06.10"]
[EventType "swiss (blitz)"]
[EventRounds "11"]
[EventCountry "GEO"]
[SourceTitle "EXT 2024"]
[Source "ChessBase"]
[SourceDate "2023.10.10"]
[SourceVersion "1"]
[SourceVersionDate "2023.10.10"]
[SourceQuality "1"]
[WhiteTeam "Russia"]
[BlackTeam "Georgia"]
[WhiteTeamCountry "RUS"]
[BlackTeamCountry "GEO"]

1. e4 e5 2. Nf3 Nc6 3. Bb5 Nge7 4. 0-0 g6 5. c3 Bg7 6. d4 0-0 7. h3 d6 8. dxe5 dxe5 9. Qe2 Be6 10. Be3 a6 11. Ba4 b5 12. Bc2 Bc4 13. Qe1 Bxf1 14. Qxf1 Qc8 15. a4 b4 16. Bc5 bxc3 17. Nxc3 Rd8 18. Bb3 Qb7 19. Qc4 Rf8 20. a5 Rab8 21. Ra3 Bf6 22. Nd5 Nxd5 23. exd5 Ne7 24. Nd2 Qb5 25. Qc2 Qb7 26. Ne4 Kg7 27. Qd2 Rfd8 28. Nxf6 Kxf6 29. Bxe7+ Kxe7 30. Qg5+ f6 31. Qh6 f5 32. Qg7+ Kd6 33. Qf6+ Kc5 34. Qxe5 Re8 35. Qc3+ Kd6 36. Ba4 Re4 37. Qf6+ Kxd5 38. Rd3+ Kc5 39. Qc3+ Rc4 40. Qe5+ Kb4 41. b3 Qe4 42. Qg3 Rc1+ 43. Kh2 Ka3 44. b4+ Ka2 45. Ra3+ Kb1 46. Qb3# 1-0

[Event "Wch U16 Girls blitz"]
[Site "Batumi"]
[Date "2023.06.10"]
[Round "5"]
[White "Volchkova, Alena"]
[Black "Aslibekyan, Narine"]
[Result "1-0"]
[WhiteElo "1969"]
[BlackElo "1448"]
[PlyCount "53"]
[EventDate "2023.06.10"]
[EventType "swiss (blitz)"]
[EventRounds "11"]
[EventCountry "GEO"]
[SourceTitle "EXT 2024"]
[Source "ChessBase"]
[SourceDate "2023.10.10"]
[SourceVersion "1"]
[SourceVersionDate "2023.10.10"]
[SourceQuality "1"]
[WhiteTeam "Russia"]
[BlackTeam "Armenia"]
[WhiteTeamCountry "RUS"]
[BlackTeamCountry "ARM"]

1. e4 c6 2. d4 d5 3. e5 c5 4. dxc5 e6 5. Nf3 Nd7 6. a3 Bxc5 7. b4 Bb6 8. Bb2 Ne7 9. Bd3 Ng6 10. 0-0 Qc7 11. Re1 0-0 12. Nbd2 a6 13. Rc1 Ba7 14. c4 d4 15. Qc2 b6 16. Bxd4 Bb7 17. Be4 Bxe4 18. Qxe4 Rac8 19. h4 Ne7 20. Ng5 g6 21. h5 Nf5 22. hxg6 hxg6 23. Qg4 Kg7 24. Ba1 Rh8 25. Nde4 Nxe5 26. Qf4 f6 27. Nxe6+ 1-0

[Event "Wch U16 Girls rapid"]
[Site "Batumi"]
[Date "2023.06.07"]
[Round "4"]
[White "Guo, Ella"]
[Black "Volchkova, Alena"]
[Result "0-1"]
[WhiteElo "1505"]
[BlackElo "1847"]
[PlyCount "80"]
[EventDate "2023.06.06"]
[EventType "swiss (rapid)"]
[EventRounds "11"]
[EventCountry "GEO"]
[SourceTitle "EXT 2024"]
[Source "ChessBase"]
[SourceDate "2023.10.10"]
[SourceVersion "1"]
[SourceVersionDate "2023.10.10"]
[SourceQuality "1"]
[WhiteTeam "United States"]
[BlackTeam "FIDE"]
[WhiteTeamCountry "USA"]

1. e4 c5 2. Nf3 d6 3. d4 cxd4 4. Nxd4 Nf6 5. Nc3 g6 6. Bc4 Bg7 7. 0-0 0-0 8. h3 Nc6 9. Be3 Bd7 10. Bb3 Rc8 11. Qd2 Na5 12. f4 Nc4 13. Bxc4 Rxc4 14. Qd3 Rc8 15. Rad1 a6 16. a4 Qa5 17. Ra1 Qb4 18. Rfb1 Qc4 19. a5 Nh5 20. Nd5 Rfe8 21. Qxc4 Rxc4 22. c3 Ng3 23. b3 Rcc8 24. Nb6 Rxc3 25. Re1 Rxe3 26. Rxe3 Bxd4 27. Rae1 Bc6 28. Nc4 Bxe3+ 29. Rxe3 Nxe4 30. Kf1 Nf6 31. g3 Bb5 32. Ke1 Bxc4 33. bxc4 Kf8 34. g4 Rc8 35. Rc3 Ne4 36. Rc1 Rc5 37. Ke2 Rxa5 38. Ke3 Nc5 39. h4 Ra3+ 40. Kd4 Nb3+ 0-1

[Event "Wch U16 Girls rapid"]
[Site "Batumi"]
[Date "2023.06.07"]
[Round "6"]
[White "Volchkova, Alena"]
[Black "Shvedova, Alexandra"]
[Result "0-1"]
[WhiteElo "1847"]
[BlackElo "2005"]
[PlyCount "140"]
[EventDate "2023.06.06"]
[EventType "swiss (rapid)"]
[EventRounds "11"]
[EventCountry "GEO"]
[SourceTitle "EXT 2024"]
[Source "ChessBase"]
[SourceDate "2023.10.10"]
[SourceVersion "1"]
[SourceVersionDate "2023.10.10"]
[SourceQuality "1"]
[WhiteTeam "FIDE"]
[BlackTeam "FIDE"]

1. e4 c5 2. Nf3 d6 3. d4 cxd4 4. Qxd4 Nc6 5. Qe3 g6 6. h3 Bg7 7. Be2 Nf6 8. 0-0 0-0 9. c4 Qb6 10. Nc3 Nd7 11. Rb1 Qxe3 12. Bxe3 Nc5 13. Nd2 Be6 14. Nd5 Bxd5 15. cxd5 Nb4 16. a3 Nc2 17. Bxc5 dxc5 18. Rbc1 Nd4 19. Bd3 Rac8 20. f4 Rfd8 21. Nf3 Nxf3+ 22. Rxf3 Bxb2 23. Rb1 Bd4+ 24. Kf1 c4 25. Bc2 Rc7 26. Ke2 Bc5 27. Rc3 Bb6 28. g4 Ba5 29. Rf3 e6 30. Rd1 Rcd7 31. Ba4 Rd6 32. Bb5 exd5 33. exd5 Rc8 34. Rc1 c3 35. Rc2 Rxd5 36. Bd3 Re8+ 37. Re3 Rxe3+ 38. Kxe3 Rd6 39. f5 Kg7 40. Rc1 g5 41. Rc2 Kf6 42. Be4 Rb6 43. Bd3 Rb3 44. a4 Ra3 45. Bb5 Ra1 46. Rh2 Rd1 47. Bc4 Bc7 48. Rg2 Rh1 49. Rc2 Rxh3+ 50. Ke4 Rg3 51. Be2 Bb6 52. Bf3 h5 53. gxh5 g4 54. Bh1 Kg5 55. Ke5 Bc7+ 56. Ke4 b6 57. Kd5 Kxh5 58. Kd4 f6 59. Kd5 Kg5 60. Ke4 Bf4 61. Bg2 Re3+ 62. Kd4 Kxf5 63. Rf2 Kg5 64. Be4 f5 65. Bc2 g3 66. Rg2 Kg4 67. Bd1+ Kh3 68. Rg1 Kh2 69. Rf1 g2 70. Rf2 Kg3 0-1